000 01302nam a2200349Ia 4500
001 Z_6560
003 CHAP
005 20240201062652.0
008 220113s2011 xx 000 0 und d
010 _a169831
040 _cCHAP
090 _aTesis P66 2301
100 _aPonce Candelario, Ismael
_990774
245 _aEfecto de Saccharomyces cerevisiae en la producción y calidad de leche de vacas holstein-friesian en condiciones de estrés calórico /
_cIsmael Ponce Candelario
260 _aMéxico :
_bEl autor,
_c2011
300 _aCD
502 _aTesis (Maestro en Ciencias en Innovación Ganadera) -- UACh, 2011 \ Dirección: Rufino López Ordaz; asesoría: Agustín Ruíz Flores y José Guadalupe García Muñiz
650 _aGanado bovino
_9138033
650 _aGanado Lechero
_945237
650 _aProducción de leche
_9144340
650 _aRaza holstein
_xfriesian
_9145083
650 7 _aSaccharomyces cerevisiae
_2
_9101125
700 _a García Muñiz, José Guadalupe, asesor
_9143266
700 _a Ruíz Flores, Agustín, asesor
_9142674
700 _aLópez Ordaz, Rufino, director
_9144635
856 4 2 _uhttp://10.13.5.2/tesis/113402.pdf
_yDescargar PDF
901 _aTESIS P66 2301
902 _aM
910 _a2011
942 _c2
_2ddc
942 _c2
_2ddc
999 _c169831
_d169831